| 000 | 01026nam a2200217 i 4500 | ||
|---|---|---|---|
| 001 | 151347 | ||
| 003 | ES-MaACL | ||
| 005 | 20230906203956.0 | ||
| 008 | 990722s1770 fr a |||| | fre d | ||
| 040 |
_aLR _bspa _cLR |
||
| 110 | 2 |
_aAcadémie des inscriptions et belles-lettres (Francia) _91230 |
|
| 245 | 1 | 0 |
_aMémoires de Littérature, tirés des registres de l'Académie Royale des Inscriptions et Belles-Lettres, depuis l'année MDCCLXIV, jusques & compris l'année MDCCLXVI _b: tome trente-conquième [i.e. cinquième]. |
| 260 |
_aA Paris : _bde l'Imprimerie Royale, _c1770. |
||
| 300 |
_a[6], 807 p., [3] h. de grab., [1] h. de grab. pleg. ; _c25 cm. |
||
| 597 | _aSign. : *3, A-Z4, 2A-2Z4, 3A-3Z4, 4A-4Z4, 5A-5I4. | ||
| 597 | _aPort. con viñeta xil. | ||
| 599 | _aLas h. de grab. son calc., en alguna de ellas "Guill. De la Haye" y "Eth Haussard Sculp." | ||
| 700 | 1 |
_aLa Haye, Guill. de. _9128516 |
|
| 700 | 1 |
_aHaussard, E. _9127814 |
|
| 852 |
_aES-MaACL _jR-1298-1343 _z-- Enc. piel _x Olim: G-13300-45 |
||
| 999 |
_c151347 _d151347 |
||